000 01084nam a22003617a 4500
001 0074
003 DO-SdBNP
005 20151113095801.0
007 0074
008 151105b sp 1981 xxu||||| |||| 00| 0 spa d
020 _a847525005X
040 _aBPMSU
_bspa
_cBPMSU
041 1 7 _aspa
_heng
092 _a813
_bH145m
100 1 0 _aRider Haggard, Henry,
_d1856-1925
240 _aKing solomon's mines
_lspa
245 1 4 _aLas minas del rey salomón /
_cHenry Rider Haggard ; traducción Flora Casas ; ilustración Justo Barboza
260 _aMadrid :
_bAnaya,
_c1981.
300 _a255 p. :
_bil.,
_c20 cm.
490 1 0 _aTus libros
490 1 0 _aAventuras
_v13
504 _aIncluye referencias bibliográficas y notas al pie de las páginas
504 _aBibliografías : p.254-255
650 _aNOVELA INGLESA
650 _aLITERATURA INGLESA
700 1 0 _aCasas, Flora,
_etr.
700 1 0 _aBarboza, Justo,
_eil.
830 0 0 _aTus libros
830 0 0 _aAventuras
_n13
942 _2ddc
_cBK
956 _aBrenda Tavárez
956 _aValidado. Control de calidad MFF
999 _c8566
_d8566